Langenscheidts Enzyklopädisches Wörterbuch der englischen und deutschen Sprache "Der Grosse Muret-Sanders" Teil I Englisch-Deutch, 1. Band A-M
Salvato in:
| Altri autori: | |
|---|---|
| Natura: | Libro |
| Lingua: | inglese tedesco |
| Pubblicazione: |
Berlin
Langenscheidt
1962
|
| Accesso online: | Visualizza in OPAC |
| Tags: |
Nessun Tag, puoi essere il primo ad aggiungerne!!
|
MARC
| LEADER | 00000nam a2200000 a 4500 | ||
|---|---|---|---|
| 005 | 20260127134404.0 | ||
| 008 | 090519s1962 gw grd 000 m eng c | ||
| 035 | |a vtls009514095 | ||
| 039 | 9 | |a 200905191013 |b mschk03 |y 200905191003 |z mschk03 | |
| 040 | |a STUSCHK1 |b slo |c STUSCHK1 |e AACR2 | ||
| 041 | 1 | |a eng |a ger | |
| 044 | |a gw |c DE | ||
| 080 | |a 801.323.2=20=30 | ||
| 245 | 1 | 0 | |a Langenscheidts Enzyklopädisches Wörterbuch der englischen und deutschen Sprache "Der Grosse Muret-Sanders" |c herausgegeben von Otto Springer |n Teil I |p Englisch-Deutch, 1. Band A-M |
| 260 | |a Berlin |b Langenscheidt |c 1962 | ||
| 300 | |a XXXVII, 883 s. | ||
| 700 | 1 | |a Springer, Otto |4 edt | |
| 910 | |a SCHK95 | ||
| 999 | |c 11546 |d 11546 | ||